| 000 | 00000nam##2200000za#4500 |
| 001 | 9.615908 |
| 003 | CaOODSP |
| 005 | 20200514165641 |
| 007 | ta |
| 008 | 150406|2001||||xxc||||| f|0| 0 eng|d |
| 020 | |a0-662-31756-4 |
| 040 | |aCaOODSP|beng |
| 043 | |an-cn--- |
| 086 | 1 |aNH18-23/89E |
| 110 | 2 |aCanada Mortgage and Housing Corporation. |
| 245 | 12|aA guide to developing a municipal affordable housing strategy |
| 260 | |aOttawa - Ontario : |bCanada Mortgage and Housing Corporation |c2001. |
| 300 | |a4p. ; |c28 cm. |
| 490 | 1 |aResearch highlight. Socio-economic series |v89 |
| 563 | |aPamphlet |
| 590 | |a02-08|b2002-02-22 |
| 690 | 07|aHousing|2gcpds |
| 690 | 07|aStrategies|2gcpds |
| 775 | 08|tGuide d'élaboration d'une stratégie relative au logement abordable dans les municipalités |w(CaOODSP)9.625888 |
| 776 | 0#|tA guide to developing a municipal affordable housing strategy |w(CaOODSP)9.571771 |
| 830 | #0|aResearch highlight. Socio-economic series ;|v89|w(CaOODSP)9.514827 |
| 986 | |a62510 |